Online
Catalog

El general más joven, Juan Bruno Zayas / (Record no. 6760)

MARC details
000 -CABECERA
campo de control de longitud fija 00981cam a2200253 a 4500
001 - NÚMERO DE CONTROL
campo de control 000006976
005 - FECHA Y HORA DE LA ÚLTIMA TRANSACCIÓN
campo de control 20200929154033.0
008 - DATOS DE LONGITUD FIJA--INFORMACIÓN GENERAL
campo de control de longitud fija 911003s1984 cu ah b 001 0bspa d
040 ## - FUENTE DE LA CATALOGACIÓN
Centro catalogador/agencia de origen DO-SdBNP
Lengua de catalogación spa
Centro/agencia transcriptor DLC
Centro/agencia modificador BNPHU
082 ## - NÚMERO DE LA CLASIFICACIÓN DECIMAL DEWEY
Número de clasificación 923.57291
Número de documento/Ítem B898P
049 ## - FONDOS LOCALES (OCLC)
Fondos de biblioteca BNGR
100 1# - ENTRADA PRINCIPAL--NOMBRE DE PERSONA
Nombre de persona Padrón Valdés, Abelardo,
Fechas asociadas al nombre 1938-
9 (RLIN) 19392
245 13 - MENCIÓN DE TÍTULO
Título El general más joven, Juan Bruno Zayas /
Mención de responsabilidad, etc. Abelardo Padrón Valdés ; edición José Rodríguez Feo.
260 ## - PUBLICACIÓN, DISTRIBUCIÓN, ETC.
Lugar de publicación, distribución, etc. La Habana, Cuba :
Nombre del editor, distribuidor, etc. Unión de Escritores y Artistas de Cuba,
Fecha de publicación, distribución, etc. 1984.
300 ## - DESCRIPCIÓN FÍSICA
Extensión 221 p. :
Otras características físicas il., facsims. ;
Dimensiones 23 cm.
500 ## - NOTA GENERAL
Nota general Título de la columna vertebral: Juan Bruno Zayas.
500 ## - NOTA GENERAL
Nota general Incluye los diarios y otros documentos.
504 ## - NOTA DE BIBLIOGRAFÍA, ETC.
Nota de bibliografía, etc. Incluye referencias bibliográficas (p. 216-221).
600 14 - PUNTO DE ACCESO ADICIONAL DE MATERIA--NOMBRE DE PERSONA
Nombre de persona ZAYAS, JUAN BRUNO
9 (RLIN) 19393
651 #4 - PUNTO DE ACCESO ADICIONAL DE MATERIA--NOMBRE GEOGRÁFICO
Nombre geográfico Cuba
Subdivisión general Historia
Subdivisión cronológica REVOLUCIÓN, 1895-1898.
9 (RLIN) 3989
700 1# - PUNTO DE ACCESO ADICIONAL--NOMBRE DE PERSONA
Nombre de persona Rodríguez Feo, José
Término indicativo de función/relación ed.
9 (RLIN) 16879
740 0# - PUNTO DE ACCESO ADICIONAL--TÍTULO RELACIONADO O ANALÍTICO NO CONTROLADO
Título relacionado o analítico no controlado Juan Bruno Zayas.
910 ## - DATOS DE OPCIÓN DEL USUARIO (OCLC)
Datos de opción del usuario Catalogación por copia / LC
Holdings
Estado de retiro Estado de pérdida Restricciones de uso No para préstamo Código de colección Localización permanente Ubicación/localización actual Ubicación en estantería Fecha de adquisición Número de inventario Total de préstamos Signatura topográfica completa Código de barras Fecha visto por última vez Precio válido a partir de Tipo de ítem Koha
    Préstamo interno   Monografías: Libros y Folletos General General En catalogación 03.09.2009 LF1   923.57291 B898P 6976-10 25.06.2020 25.06.2020 Préstamo interno

Powered by Koha